000 00329nam a2200133Ia 4500
008 231129s1975||||xx |||||||||||||| ||spa||
040 _bspa
082 _aCo864 A818p
100 _aAchury Valenzuela Darí­o
245 0 _aPalabras con azar : glosas
260 _c1975
264 _aInstituto Caro y Cuervo
942 _2ddc
_cBKS
999 _c22325
_d22325